00468nam a2200193 a 4500001001300000003000900013005001700022008004100039020001000080082001600090100001600106245002500122260003100147300000800178500003500186505001400221650002300235700001600258nice12345678IN_TiNIC20260116011540.0050524s1928 laha grp 000 0 urd  ac10000a232.96bMIN aMinnat, K H aDikr-E-Maslub, Poems aLahorebAnwar Manzilc1928 a50p aincludes index and biblioraphy2 areference aJesus Christ-Death1 aMinnat, K H